000 00754nam a2200193 i 4500
001 38288
003 ES-MaACL
005 20250806013500.0
007 t|
008 030225s1877 fr ||||1| fre d
100 1 _aBurggraeve, Adolphe.
_932635
245 1 0 _a[Répertoire de thérapeutique dosimétrique bassée sur la physiologie et l'experimentation clinique /
_cBurggraeve].
260 _a[S.l. :
_bs.n.,
_c1877?]
300 _aP. [481-496] ;
_c25 cm.
594 _aDatos tomados del principio del texto.
650 7 _aMedicina dosimétrica
_2embne
_9136480
852 _aES-MaACL
_jT-384-F-17
_q.- Ejemplar sin portada
_z.- Anotación manuscrita: "A la biblioteca de los Escolares Médicos", el socio Gustavo Saenz Diez
999 _c38288
_d38288